000 00584nam a2200193Ia 4500
005 20250923150018.0
008 008 250917s9999 xx 000 0 eng d
037 _aTextual
040 _aDSWL
_beng
_cDSWL
041 _aeng
_2eng
084 _aW:51x1(Y:434), N98
_qDSWL
245 0 _aPeople's Rights : Social moverments and The State in The Third World
_c Ed.by M. Mohanty
260 _aNew Delhi
_bSage Publication
_c1998
300 _a336 p.
365 _aINR
_b495.00
925 _g495.00
942 _cTEXL
_hW:51x1(Y:434), N98
999 _c1458485
_d1458485